| 000 | 00828nam a2200253 a 4500 | ||
|---|---|---|---|
| 001 | 82069 | ||
| 003 | BD-RjUL | ||
| 005 | 20231009122741.0 | ||
| 008 | 231009s2013 ii ||||| |||| 00| 0 eng d | ||
| 020 | _a978-8171641499 | ||
| 035 | _a(BD-RjUL)82069 | ||
| 040 |
_aBD-RjUL _beng _cBD-RjUL |
||
| 041 | _aeng | ||
| 082 |
_223 _a597 _bLAG 2013 |
||
| 100 |
_aLakra, W. S. _99427 |
||
| 245 |
_aGenetics, genetic engineering and biotechnology in fisheries / _cW. S. Lakra (Author), A. Gopalakrishnan (Author), |
||
| 260 |
_a New Delhi : _bIndian Council of Agricultural Research, _c2013 |
||
| 300 |
_aviii, 209 pages : _billustrations ; _c25 cm. |
||
| 650 |
_aMarine biotechnology _99103 |
||
| 650 |
_aFishes _xGenetic engineering _99097 |
||
| 650 |
_aFishes _xGenetics |
||
| 700 |
_aGopalakrishnan, A. _99428 |
||
| 942 |
_2ddc _cBK |
||
| 999 |
_c82069 _d82069 |
||